Optanti iba v ukrajinčine

Podrobná bibliografia
Hlavný autor: Greš, Ján (Author)
Médium: Článok
Jazyk:Slovak
Témy:
Zdroj: 1. Slovenská republika víkend 1. Roč. 6, č. 40/232(1999), dát. 1008, s. 2
LEADER 00940nab#a2200337#ar4500
001 000032521
003 SVKKK
005 00000000000000.0
008 c xo e sloo
FMT
038 |a SVKKK 
040 |a SVKKK  |b slo  |e AACR2 
041 0 |a slo 
044 |a xo  |c SK 
080 |a 325.2=8  |2 1981 
080 |a 82.0  |2 1981 
080 |a 943.7  |2 1981 
100 1 |a Greš, Ján  |4 aut 
245 1 0 |a Optanti iba v ukrajinčine  |c Greš Ján, 
300 |b Obr 
650 0 4 |a menšina národnostná ukrajinská  |x r. 1946-1950 
650 0 4 |a presídlenci  |z Slovensko východné  |x dejiny 
773 0 |t Slovenská republika víkend  |g Roč. 6, č. 40/232(1999), dát. 1008, s. 2 
787 0 8 |i Recenze na:  |a Kruško, Štefan  |t Optanti  |d Prešov : Koordinačný výbor reoptantov, 1999 
957 |a Slovensko východné 
958 |a VS 
974 |d 991207  |a SAB 
992 |a RBX 
BAS
852 |a SVKKK  |b BIB 
998 |a REG